Score 0/15 Timer 04:00
26 Plays Today
% Correct
Death Note
89.6%
Assassination Classroom
87.6%
Haikyuu!!
81.5%
Ouran High School Host Club
80.3%
Free!
79.8%
The Future Diary
73.8%
Karneval
55%
Seraph of the End
54.8%
% Correct
Bungou Stray Dogs
49.9%
Blood Lad
49.7%
Charlotte
49.3%
Servamp
48%
Nanbaka
46.3%
No. 6
32.1%
The Morose Mononokean
32%
Remove Ads.
Support Sporcle.
Get the best of Sporcle when you Go Orange. This ad-free experience offers more features, more stats, and more fun while also helping to support Sporcle. Thank you for becoming a member.

You're not logged in!

Compare scores with friends on all Sporcle quizzes.
OR
Log In

Sporcle TV

Today on Sporcle TV


Watch our educational content, quiz creation guides, and fun videos on Sporcle TV.

Show Comments

Extras

Top Quizzes Today


Score Distribution

Paid Content

Your Account Isn't Verified!

In order to create a playlist on Sporcle, you need to verify the email address you used during registration. Go to your Sporcle Settings to finish the process.

Report this User

Report this user for behavior that violates our Community Guidelines.

Details: